00756nam a2200205 a 4500001001000000003000900010005001700019007000300036008004100039040002500080082000700105111008700112245002400199260011000223300002100333710007100354942001400425952009400439999001700533000025885DO-SdBNP20220929095013.0ta110224s1987 dr r 000 0 spa d aDO-SdBNPbspacBNPHU 42221 aAsamblea general anual de delegadosd(16: 17-18, julio 1987cSanto Domingo)95274210aInforme anual 1986. aSanto Domingo :bCooperativa Nacional de Servicios Multiples de los Maestro,c1987.fEditora Alfa y Omega a107 p. ;c21 cm.1 aFederación Dominicana de Cooperativas de Ahorro y Credito952743 2ddccLBS1 00102ddc51708PDaBNPHUbBNPHUcHDd2011-02-24p25885-10r2020-06-25w2020-06-25yLBS1 c25377d25377